| 000 | 00920nam a22002417a 4500 | ||
|---|---|---|---|
| 003 | OSt | ||
| 005 | 20140926020003.0 | ||
| 008 | 130621b2012 ck il. | |||| 00| 0 spa d | ||
| 020 | _a978-958-8353-55-5 (Impreso) | ||
| 020 | _a978-958-8353-56-2 (e-book) | ||
| 040 |
_aIAVH _bspa _cIAVH |
||
| 082 | 0 | 4 |
_a567.86151 _222 _bM244p |
| 245 | 1 | 0 |
_aPeces dulceacuícolas del Chocó biogeográfico de Colombia _cEditado por Javier A. Maldonado et al. |
| 260 |
_aBogotá, Colombia _bWWF Colombia _cc2012 |
||
| 300 |
_a400 p. _bil. _c29 cm. |
||
| 504 | _aIncluye referencias bibliográficas (p. 381 - 385), glosario (p. 386 - 390) y tabla de especies. | ||
| 650 |
_aBiodiversidad _xColombia _9123 |
||
| 650 |
_aPeces de agua dulce _xChoco _xColombia _9124 |
||
| 700 |
_aMaldonado-Ocampo, Javier A. _eEditor _9125 |
||
| 700 |
_aUsma, José Saulo _eEditor _9126 |
||
| 700 |
_aVilla-Navarro, Francisco _eEditor _9127 |
||
| 942 |
_2ddc _cIMPRESO _02 |
||
| 999 |
_c7318 _d7318 |
||